[Event "Stepanakert Petrosian Memorial"]
[Site "Stepanakert"]
[Date "2004.03.11"]
[Round "3"]
[White "Kobalia, Mihail"]
[Black "Sveshnikov, Evgeny"]
[Result "1-0"]
[WhiteElo "2643"]
[BlackElo "2557"]
[Annotator "Dautov,R"]
[PlyCount "45"]
[EventDate "2004.03.09"]
[EventType "tourn"]
[EventRounds "9"]
[EventCountry "ARM"]
[EventCategory "13"]
[SourceTitle "CBM 100"]
[Source "ChessBase"]
[SourceDate "2004.06.01"]
[SourceVersion "1"]
[SourceVersionDate "2004.06.01"]
[SourceQuality "1"]

1. d4 d5 2. c4 e6 3. Nc3 c6 4. e4 dxe4 5. Nxe4 Bb4+ 6. Bd2 Qxd4 7. Bxb4 Qxe4+
8. Be2 Na6 9. Ba5 b6 10. Qd6 (10. Bc3 f6 11. Nf3 $44) 10... Bb7 $4 $146 {
[%mdl 8192] Bei diesem Zug muß es sich um eine Verwechslung handeln. Eine
andere Erklärung kann ich dafür nicht geben, denn die Folgen dieses Fehlers
sind zu katastrophal, als man sich freiwillig darauf einlassen könnte. Der
korrekte Zug 10...Bd7 brachte Schwarz bisher gute praktische Ergebnisse.} (
10... Bd7 $1 11. Bc3 (11. O-O-O O-O-O 12. Bc3 Nf6 (12... f6 $5) 13. Qa3 Kb7 14.
Qe7 Kc8 15. Qxf7 $2 (15. Qa3 $11) 15... e5 16. Bf3 Qf4+ 17. Bd2 Qf5 18. Ne2 Nc5
$15 {Ivanov,S-Vul,A/Cappelle la Grande 1996}) 11... f6 12. O-O-O O-O-O 13. b3 (
13. Qa3 Kb7 14. Bf3 Qf4+ 15. Rd2 Qc7 16. Ne2 e5 17. Rhd1 Nh6 18. Qe7 Bc8 19.
Qxd8 Rxd8 20. Rxd8 Nf7 $15 {Khenkin,I-Maksimenko,A/Bratto 2003}) 13... Qxg2 14.
Bf3 Qg5+ 15. Kb2 Qc5 $15 {Van Wely,L-Shirov,A/Monaco (rapid) 2002}) 11. O-O-O
$16 c5 (11... Nf6 12. Bc3 Nc5 13. Bxf6 gxf6 14. b4 $18) 12. Qd7+ Kf8 13. Qd6+
Ke8 {Nun ist der schwarze König im Zentrum steckengeblieben, und der weiße
Angriff läßt nicht lange auf sich warten.} 14. Bc3 {/\Bf3} Nb4 15. Bxb4 cxb4
16. Nf3 $1 Nf6 $2 {Danach ist die schwarze Stellung nicht mehr zu retten.
Bessere praktische Chancen versprach 16...Qxe2.} (16... Qxe2 17. Ne5 $1 (17.
Qd7+ Kf8 18. Qxb7 Qxc4+ 19. Kb1 Qc8 20. Qe4 Nf6 $13) 17... Nh6 $1 (17... Nf6 $2
18. Qc7 $18) 18. Qd7+ Kf8 19. Qxb7 Re8 20. Qc7 $16 g6 $16 (20... f6 $2 21. Qd6+
Kg8 22. Qxe6+ $18)) 17. Ne5 Rc8 18. Bf3 Qf4+ 19. Kb1 Bxf3 20. gxf3 $18 {
Gegen die Drohung 21.Rd4 nebst Nc6 ist Schwarz hilflos.} g5 21. Rd4 Qf5+ 22.
Ka1 h5 23. Nc6 1-0

[Event "USA-ch"]
[Site "San Diego"]
[Date "2004.11.28"]
[Round "4"]
[White "Finegold, Benjamin"]
[Black "Schneider, Dmitry"]
[Result "0-1"]
[WhiteElo "2531"]
[BlackElo "2453"]
[Annotator "Dautov,R"]
[PlyCount "62"]
[EventDate "2004.11.24"]
[EventType "swiss"]
[EventRounds "9"]
[EventCountry "USA"]
[SourceTitle "CBM 105"]
[Source "ChessBase"]
[SourceDate "2005.04.11"]
[SourceVersion "1"]
[SourceVersionDate "2005.04.11"]
[SourceQuality "1"]

1. d4 d5 2. c4 e6 3. Nc3 c6 4. Nf3 dxc4 5. a4 Bb4 6. e3 b5 7. Bd2 a5 8. axb5
Bxc3 9. Bxc3 cxb5 10. b3 Bb7 11. bxc4 b4 12. Bb2 Nf6 13. Bd3 Nbd7 14. O-O O-O
15. Re1 Re8 16. c5 ({Die andere kritische Fortsetzung ist} 16. e4 e5 17. c5)
16... Bc6 17. e4 {Wenig verspricht Weiß die sofortige Blockade der
gegnerischen Freibauern mittels 17.Bc2 wegen 17...Ne4.} (17. Bc2 Ne4 18. Ba4
Qc7 19. Bxc6 Qxc6 20. Qa4 Qxa4 21. Rxa4 Ndxc5 $1 22. dxc5 Nxc5 23. Raa1 a4 24.
Reb1 Rec8 25. Bd4 Nb3 26. Ra2 a3 27. Nd2 Nxd2 28. Rxd2 b3 $15 {Gershon,
A-Geller,J/Moscow 2002}) 17... h6 $146 {Natürlicher sieht 17...a4 aus, aber
der Textzug ist durchaus gut spielbar.} (17... a4 18. Bc2 b3 (18... Qc7 19. e5
b3 20. Bb1 Bxf3 21. Qxf3 Nd5 22. Be4 Qc6 $13 {Kogan,A-Nikolov,S/Bled 1998}) (
18... a3 19. Bc1 Qc7 20. e5 Nd5 21. Ng5 Nf8 22. Qd3 f5 23. exf6 Nxf6 24. Bd2
$14 {Tyomkin,D-Malakhov,V/EuJun, Tallinn 1997}) 19. Bb1 Qc7 20. Nd2 Red8 21. e5
Ne8 22. Qh5 Nf8 23. Nc4 Qb7 24. Qh3 Qb4 25. Bd3 Ra7 26. Red1 Qb8 27. Ra3 Nc7
$13 {Jelen,I-Pavasovic,D/Kranj 1999}) 18. Bc2 Qc7 19. Qd3 (19. e5 Nd5 20. Qd3
Nf8 21. Nd2 a4 22. Ne4 Reb8 $15) 19... Reb8 20. d5 $2 {[%mdl 8192] Ein grober
Fehler. Weiß verliert einen Bauern ohne Kompensation.} (20. Nd2 $5) ({Eine für
diese Variante typische Partiefortsetzung könnte sein:} 20. e5 Bb5 21. Qd1 Nd5
22. Nd2 Nf8 23. Ne4 $13 {mit gegenseitigen Chancen.}) 20... exd5 21. exd5 (21.
e5 Ne4 $19) 21... Bb5 $1 {Offensichtlich hat Finegold diesen Zug übersehen.
Allerdings war auch 21...Bxd5 leicht vorteilhaft für Schwarz.} (21... Bxd5 22.
Re7 Nxc5 23. Rxc7 Nxd3 24. Bxd3 a4 $15) 22. Qf5 Qxc5 23. Nd4 a4 $17 24. Rac1
Qd6 (24... Qxd5 25. Qxd5 Nxd5 26. Be4 N7f6 27. Bxd5 Nxd5 28. Rc5 $17) 25. Qh3
$2 {Danach geht die Partie schnell zu Ende. Deutlich mehr Rettungschancen
versprach 25.Nxb5.} (25. Nxb5 Rxb5 26. Bxf6 Nxf6 27. Bxa4 Rxd5 28. Rc8+ Rxc8
29. Qxc8+ Qf8 $17) 25... b3 $19 26. Bf5 a3 27. Nxb5 Rxb5 28. Bxa3 Rxa3 29. Bxd7
Nxd7 30. Rc6 b2 31. Qf5 Qxc6 0-1

[Event "Minneapolis HB Global op"]
[Site "Minneapolis"]
[Date "2005.05.20"]
[Round "4"]
[White "Onischuk, Alexander"]
[Black "Shulman, Yuri"]
[Result "1-0"]
[WhiteElo "2638"]
[BlackElo "2550"]
[Annotator "Dautov,R"]
[PlyCount "61"]
[EventDate "2005.05.18"]
[EventType "swiss"]
[EventRounds "9"]
[EventCountry "USA"]
[SourceTitle "CBM 107"]
[Source "ChessBase"]
[SourceDate "2005.08.01"]
[SourceVersion "1"]
[SourceVersionDate "2005.08.01"]
[SourceQuality "1"]

1. d4 d5 2. c4 e6 3. Nc3 c6 4. e4 dxe4 5. Nxe4 Bb4+ 6. Bd2 Qxd4 7. Bxb4 Qxe4+
8. Be2 Na6 9. Bd6 {Der Zug kam nach der Kurzpartie Bacrot-Filippov in Mode.
nach der Textpartie wird er sicher noch mehr Anhänger bekommen!} b6 (9... f6
10. Nf3 Bd7 11. O-O O-O-O $2 12. Bd3 Qg4 13. c5 e5 14. h3 Qe6 15. Qa4 $18 {
Bacrot,E-Filippov,V/Moscow 2005}) 10. Nf3 Bb7 11. O-O c5 $2 $146 {Ein dubiose
Neuerung. Man kann mit Sicherheit davon ausgehen, daß Shulman den nächsten
weißen Zug nicht gesehen hat.} (11... Rd8 12. Ne5 Ne7 13. Re1 Qh4 14. g3 Qf6
15. Ng4 Qf5 (15... Qg6 16. Ne5 Qf6 $11 {I.Sokolov}) 16. Qd4 O-O 17. Bd3 Qh5 18.
Qf4 Rfe8 19. Rad1 Nf5 20. Be5 Qg6 21. Bb1 $36 {Sokolov,I-Vera,R/Portoroz 1987})
(11... O-O-O 12. Re1 (12. Ne5 Qf5 13. Bg4 Qf6 14. Bf3 Ne7 15. Bxe7 Qxe7 16. Qa4
Qc7 17. Nxc6 Bxc6 18. Qxa6+ Kb8 $11 {Verduga,D-Vera,R/La Habana 1986}) 12...
Qg6 13. Ne5 Qf6 14. Bf3 Ne7 15. Bxe7 Rxd1 16. Bxf6 Rxa1 17. Rxa1 gxf6 18. Nxf7
Rf8 19. Nd6+ Kc7 20. Nxb7 Kxb7 $11 {Perez,L-Korneev,O/Padrun 2003}) 12. Nh4 $3
{[%mdl 512] Brilliant gespielt! Weiß nutzt die Diagonalen a4-e8 und h1-a8 für
einen schnellen Überfall auf die unentwickelte schwarze Stellung.} Qxh4 $2 {
Zäher war 12...0-0-0.} (12... O-O-O 13. Bf3 Qxc4 14. Bxb7+ Kxb7 15. Qf3+ Qd5
16. Qxf7+ Ka8 17. Rad1 (17. Qxg7 $2 Qxd6 18. Qxh8 Qe7 $13) 17... Qb7 18. Qxe6
Nf6 $14) (12... Qc6 13. Be5 Nf6 14. Bf3 Qc8 15. Re1 $1 $40) 13. Qa4+ Kd8 14.
Rad1 Kc8 {Der einzige Zug, der nicht sofort verliert.} 15. Qe8+ Qd8 16. Qxd8+
Kxd8 17. Bf8+ Kc7 18. Bxg7 Nf6 19. Bxf6 $16 {Die Kombination ist beendet, und
Weiß hat mit seinen zwei Läufern einen klaren Vorteil im Endspiel.} Rhg8 20. g3
Nb8 (20... Nb4 21. Be5+ Kc8 22. f4 Nxa2 23. Bh5 $18) 21. Be5+ Kc8 22. f4 Bc6
23. Rd6 Rd8 24. f5 Rxd6 25. Bxd6 Nd7 26. fxe6 fxe6 27. Rf7 $18 Kb7 28. Rxh7 Be4
29. Re7 Rh8 30. Rxd7+ Kc6 31. Be5 1-0

[Event "Poikovsky Karpov 06th"]
[Site "Poikovsky"]
[Date "2005.02.28"]
[Round "3"]
[White "Dreev, Alexey"]
[Black "Vaganian, Rafael A"]
[Result "1/2-1/2"]
[WhiteElo "2704"]
[BlackElo "2670"]
[Annotator "Dautov,R"]
[PlyCount "137"]
[EventDate "2005.02.26"]
[EventType "tourn"]
[EventRounds "9"]
[EventCountry "RUS"]
[EventCategory "18"]
[SourceTitle "CBM 106"]
[Source "ChessBase"]
[SourceDate "2005.06.06"]
[SourceVersion "1"]
[SourceVersionDate "2005.06.06"]
[SourceQuality "1"]

1. d4 d5 2. c4 e6 3. Nc3 Be7 4. cxd5 exd5 5. Bf4 c6 6. e3 Bf5 7. Nge2 Nd7 8. h3
Ngf6 {Häufiger versucht hier Schwarz, das kommende g2-g4 zu erschweren.
Vaganian spielte bereits selbst die anderen plausiblen Züge 8...h5 und 8...Bg6.
} (8... h5 9. Nc1 Nb6 10. Bd3 Bxd3 11. Nxd3 Bd6 12. O-O Bxf4 13. exf4 Nf6 14.
Re1+ Kf8 15. a4 Nc4 16. Ne5 Nd6 $13 {Speelman,J-Vaganian,R/Tilburg 1993}) (8...
Bg6 9. Bh2 Ngf6 10. Nf4 Ne4 11. Nxg6 Nxc3 12. bxc3 hxg6 13. Bd3 b5 14. a4 a6
15. O-O O-O 16. e4 $14 {Bischoff,K-Vaganian,R/BL 0405}) 9. g4 Be4 10. Rg1 h6
$146 (10... Bf3 11. Rg3 Bxe2 12. Bxe2 Bb4 13. f3 Qe7 14. Rg2 Bd6 15. Bxd6 Qxd6
16. e4 dxe4 17. fxe4 Qe7 18. Qc2 O-O-O 19. O-O-O $14 {Vaisser,A-Timoscenko,G/
Frunze 1987}) (10... Qb6 11. Qd2 Bf3 12. Ng3 g6 13. Bd3 {Malaniuk,V-Timoscenko,
G/Tashkent 1987} h6 $5 $11) (10... Nf8 11. Ng3 Ne6 12. Be5 Ng5 13. Ngxe4 Ngxe4
14. Bd3 Bd6 15. Bxe4 Bxe5 16. Bd3 Bh2 17. Rg2 Bd6 18. g5 Nd7 $11 {Moskalenko,
V-Grigoriants,S/Yalta 1996}) 11. Ng3 Qb6 12. Ngxe4 Nxe4 13. Qc2 Qa5 14. Bd3 Ng5
$1 {[%mdl 32] Vaganians Idee besteht darin, seinen Springer nach h4 bringen,
um kurz rochieren zu können.} ({Nach} 14... Nxc3 15. bxc3 $14 {hat es Schwarz
nicht leicht, einen guten Platz für seinen König zu finden, da beide
Rochademöglichkeiten zu gefährlich erscheinen. Der weiße König fühlt sich
dagegen sehr wohl auf e2 oder f1.}) 15. Rh1 Nf3+ 16. Ke2 Nh4 17. Rhg1 Qd8 18.
Qb3 Nb6 19. a4 a5 20. Nb1 O-O $11 {Nach jeder Menge Prophylaxe kann Schwarz
endlich rochieren.} 21. Nd2 Re8 22. Bg3 Ra7 {Der Springer b6 wird befreit.} 23.
Bxh4 (23. Nf3 Nd7 $11 (23... Nc8 $2 24. Bb8 $16)) 23... Bxh4 24. Nf3 Nd7 {
Der Springer strebt nach f8, um den schwarzen König zu schützen. In Frage kam
seine Überführung nach d6.} (24... Nc8 $5 25. Rg2 Nd6 (25... Bf6 $5) 26. g5
Bxg5 27. Nxg5 hxg5 28. Rag1 Ne4 29. Bxe4 Rxe4 30. Rxg5 g6 $11) 25. Rg2 Nf8 26.
Kf1 Bf6 (26... Ne6 27. Bf5) 27. Rh2 g6 $5 {Die Aufhebung der Blockade auf h4
war nicht notwendig, aber Vaganian hat früh erkannt, daß die entstehende
Schwäche auf f5 keine Rolle spielen wird.} (27... Bh4 28. Nxh4 Qxh4 29. Qb6
Rea8 30. Rc1 Ng6 $11) 28. h4 Bg7 29. h5 g5 30. Kg2 Nd7 31. Rhh1 Nb6 32. Nh2 Bf8
$1 {Das simple 32...Nc8 wäre den meisten gut genug, aber Vaganian findet etwas
Besseres.} (32... Nc8 $5 33. Nf1 Nd6 34. Ng3 Ra8 $11) 33. Nf1 Bd6 34. Rh3 Nd7
35. Bf5 Nf6 36. Nd2 b6 $6 {Schwarz geht an seine Chance vorbei, 36...Ra6!
hätte ihn in Vorteil gebracht.} (36... Ra6 $1 37. Qc2 Rb6 $15) 37. Rd1 Rae7 38.
Nb1 Bb4 39. Nc3 Bxc3 $6 (39... Qd6 $5 $11) 40. Qxc3 Qd6 41. Rc1 Rc7 42. Rhh1
Ne4 43. Qb3 c5 44. dxc5 Nxc5 (44... bxc5 $1 45. Rhd1 Nf6 46. Qb5 Ra8 $11) 45.
Qb5 $14 Rce7 46. Rcd1 Re5 47. Rd4 Rd8 48. Rc1 Kg7 49. b4 axb4 50. Qxb4 (50.
Rxb4 Rxf5 $1 51. gxf5 Nd3 $11) 50... Ne6 51. Qxd6 Rxd6 52. Rb4 d4 $1 {Nach
einigen Ungenauigkeiten muß Schwarz nach einem Rettungsweg suchen, und wie so
oft läßt sich dieser in einem Turmendspiel finden.} (52... Nc5 53. Rcb1 $16)
53. Rd1 Rc5 54. Bxe6 (54. exd4 Nf4+ 55. Kf1 Rc3 $132) 54... Rxe6 55. Rdxd4 (55.
Rbxd4 b5 $1) (55. exd4 Rc2) 55... Rc2 56. Kg3 Rf6 57. f3 Rc3 58. Re4 Rd6 59.
Rbd4 Rxd4 60. exd4 Ra3 61. d5 Rd3 62. Rb4 Rxd5 63. Rxb6 Rd4 $1 $11 64. a5 Ra4
65. Rb5 Ra2 66. Rf5 Kg8 67. Rf6 Kg7 68. Ra6 Kh7 69. Ra7 1/2-1/2

[Event "EU-ch 6th"]
[Site "Warsaw"]
[Date "2005.06.28"]
[Round "10"]
[White "Aleksandrov, Aleksej"]
[Black "Mastrovasilis, Dimitrios"]
[Result "1-0"]
[WhiteElo "2635"]
[BlackElo "2562"]
[Annotator "Dautov,R"]
[PlyCount "63"]
[EventDate "2005.06.18"]
[EventType "swiss"]
[EventRounds "13"]
[EventCountry "POL"]
[SourceTitle "CBM 108"]
[Source "ChessBase"]
[SourceDate "2005.09.26"]
[SourceVersion "1"]
[SourceVersionDate "2005.09.26"]
[SourceQuality "1"]

1. c4 e6 2. d4 d5 3. Nc3 c6 4. e4 Bb4 5. Bd2 {Weiß beharrt auf seinem Vorhaben,
einen Bauern für Initiative zu opfern. Eine solide und aussichtsreiche
Fortsetzung ist hier 5.e5.} dxc4 6. Bxc4 Qxd4 7. Qe2 Qd8 $146 {Logischer sieht
7...b5 aus.} (7... b5 8. Bb3 (8. Bd3 Nd7 9. Nf3 Qb6 10. O-O Bxc3 11. Bxc3 Ngf6
12. a4 b4 13. a5 Qb8 14. Bd2 e5 15. Rac1 $44 {Potkin,V (2546)-Vitiugov,N (2478)
/St Petersburg 2005}) 8... Nf6 9. Nf3 Qb6 10. O-O Nbd7 11. e5 (11. Rfe1 Bxc3
12. Bxc3 b4 13. Bxf6 Nxf6 14. e5 Ba6 15. Qc2 Nd5 16. Qe4 Rd8 17. Rac1 h6 18. h4
Ne7 19. Red1 $44 {Najer,E (2608)-Timofeev,A (2575)/Russia (ch) 2003}) 11...
Bxc3 12. bxc3 Nd5 13. c4 bxc4 14. Bxc4 a5 15. Rab1 Qa7 16. Qe4 Ba6 17. Bxa6
Qxa6 18. Qg4 Kf8 19. Rfc1 $14 {Comas Fabrego,L (2516)-Godena,M (2485)/Mondariz
2000}) 8. Rd1 Nd7 9. a3 Bf8 $2 {Es ist zu langsam. Ich kann nicht verstehen,
was gegen 9...Bd6 sprach.} (9... Bd6 10. f4 (10. Nf3 Qc7) 10... e5 11. Nf3 Qe7
$13) 10. f4 Ngf6 11. Nf3 Qc7 12. O-O Bc5+ 13. Kh1 O-O 14. Ba2 $1 b6 $2 {
Dieser natürliche Entwicklungszug schwächt den Bauern c6. Besser war wohl 14...
Be7, aber wer kann schon angesichts seines Entwicklungsnachteils so viel
Geduld aufbringen?} (14... Be7 $5) 15. b4 Be7 16. Rc1 Qb7 (16... Bb7 17. e5 $16
) 17. e5 Nd5 18. Nxd5 cxd5 (18... exd5 19. Nd4 c5 20. Nf5 $40) 19. Nd4 $16 {
Schwarz kann nun seine Entwicklung nicht auf vernünftige Art und Weise beenden.
} Qa6 20. Qe3 Bb7 21. Bb1 $1 {ףa6} Rac8 (21... b5 22. Bd3 $16) 22. Bd3 Rc4 23.
f5 $18 {[%mdl 128] Guter Rat war teuer für Schwarz, aber mit 23...b5 könnte er
etwas zäheren Widerstand leisten.} Nxe5 $2 (23... b5 24. Bxc4 dxc4 25. Qg3 Kh8
26. f6 gxf6 27. exf6 Nxf6 28. Qe5 Rg8 29. Rxf6 Bxg2+ 30. Kg1 $18) 24. Qxe5 Bf6
25. Bxc4 dxc4 26. Qe3 e5 27. Ne2 Rd8 28. Ng3 Rd3 29. Qe2 h6 30. Nh5 c3 31.
Nxf6+ gxf6 32. Bxh6 1-0

[Event "EU-ch 6th"]
[Site "Warsaw"]
[Date "2005.06.20"]
[Round "3"]
[White "Cvitan, Ognjen"]
[Black "Kharlov, Andrei"]
[Result "0-1"]
[WhiteElo "2481"]
[BlackElo "2628"]
[Annotator "Dautov,R"]
[PlyCount "64"]
[EventDate "2005.06.18"]
[EventType "swiss"]
[EventRounds "13"]
[EventCountry "POL"]
[SourceTitle "CBM 108"]
[Source "ChessBase"]
[SourceDate "2005.09.26"]
[SourceVersion "1"]
[SourceVersionDate "2005.09.26"]
[SourceQuality "1"]

1. c4 e6 2. Nc3 d5 3. d4 c6 4. e4 dxe4 5. Nxe4 Bb4+ 6. Bd2 Qxd4 7. Bxb4 Qxe4+
8. Be2 Na6 9. Ba5 f6 10. Nf3 $5 {Eine seltene, aber interessante Fortsetzung.
Weiß versucht auf ruhige Art seine Kompensation nachzuweisen. Populärer ist
hier das direkte 10.Qd8+.} (10. Qd8+ Kf7 11. O-O-O $13) 10... b6 11. Bc3 Ne7
12. O-O O-O (12... e5 13. Nxe5 $5 fxe5 14. Bh5+ g6 15. Re1 Qh4 16. Rxe5 gxh5
17. Qd6 Bd7 $2 (17... O-O $1 18. g3 Qf6 $11) 18. Rd1 O-O-O 19. Rxe7 Rhf8 20. f3
Qxc4 21. Rxd7 $16 {Najer,E (2615)-Geller,J (2496)/Sochi RUS 2005}) 13. Re1 Qf4
$6 $146 {Kharlov bringt als erstes seine Dame in Sicherheit. Das konsequente
13...e5 scheint mir besser zu sein.} (13... e5 14. b4 $1 (14. Bd3 Qg4 15. Qc2
Bf5 16. h3 Qg6 17. Bxf5 Qxf5 $17 {Volkov,S (2629)-Timofeev,A (2591)/playchess.
com 2004}) 14... Bf5 (14... Qg6 $5) 15. Qa4 Nc7 16. Bf1 Qf4 17. Bd2 (17. Nxe5
$1 fxe5 18. Bxe5 Qd2 19. Rad1 $16) 17... Qg4 18. h3 Qg6 19. Nh4 Qe8 20. f4 Qd7
21. Bc3 $44 {Volkov,S (2636)-Smirnov,P (2539)/Panormo 2002}) 14. b4 Qc7 15. Bd3
Rf7 (15... e5 16. Qc2 h6 17. Nh4 $36 {/\f4}) 16. Qc2 h6 17. a3 {Energischer
ist die Einbeziehung der letzten Reserven nach 17.Rad1.} (17. Rad1 $1 Bd7 (
17... c5 $6 18. Bh7+ Kh8 19. Be4 Bb7 (19... cxb4 $2 20. Be5 $1 $16) 20. b5 Nb4
21. Qe2 $18 {/\a3}) 18. c5 b5 19. Qe2 e5 20. Bxe5 fxe5 21. Nxe5 Nd5 22. Nxf7
Kxf7 23. Bxb5 $16) 17... Bd7 18. Re3 $6 {Die Turmverdopplung auf der e-Linie
bringt Weiß nicht viel, während Schwarz seine Stellung erfolgreich
konsolidieren kann. Besser gefällt mir deswegen die Angriffsaufstellung Rad1,
Qe2 nebst Qe4 oder c4-c5.} (18. c5 Qb7 19. Qe2 Nc7 20. Qe4 g6 $13) (18. Rad1 $1
Rd8 19. Qe2 $44) 18... Nf5 19. Re2 Rd8 20. Rae1 Qc8 21. g4 $6 {Die Schwächung
des weißen Königs bleibt nicht ohne Folgen, vorzuziehen war 21.Bxf5 nebst 22.
Bd2.} (21. Bxf5 exf5 22. Bd2 Nc7 23. Bf4 c5 24. b5 $44) 21... Ne7 22. Nh4 e5
23. h3 Nc7 24. f4 Bxg4 $1 {[%mdl 512] Das Opfer kommt zum richtigen Zeitpunkt.
Der lange passiv gestandene Springer c7 avanciert zu einer starken
Angriffsfigur.} 25. hxg4 Qxg4+ 26. Ng2 Ne6 27. fxe5 f5 $40 {Die Stellung ist
schwer zu spielen für Weiß, es droht das simple f4-f3. Kein Wunder, daß Ognjen
nicht lange durchhält.} 28. Rf2 (28. Rd2 f4 $40) 28... f4 29. Re4 $2 (29. Rd1
Rdf8 $40) 29... Qg3 $19 30. Bf1 Ng5 31. Be1 f3 32. Rd2 Nh3+ 0-1

[Event "Moscow Aeroflot op-A"]
[Site "Moscow"]
[Date "2005.02.22"]
[Round "8"]
[White "Bacrot, Etienne"]
[Black "Filippov, Valerij"]
[Result "1-0"]
[WhiteElo "2715"]
[BlackElo "2621"]
[Annotator "Dautov,R"]
[PlyCount "35"]
[EventDate "2005.02.15"]
[EventType "swiss"]
[EventRounds "9"]
[EventCountry "RUS"]
[SourceTitle "CBM 106"]
[Source "ChessBase"]
[SourceDate "2005.06.06"]
[SourceVersion "1"]
[SourceVersionDate "2005.06.06"]
[SourceQuality "1"]

1. c4 e6 2. Nc3 d5 3. d4 c6 4. e4 dxe4 5. Nxe4 Bb4+ 6. Bd2 Qxd4 7. Bxb4 Qxe4+
8. Be2 Na6 9. Bd6 {Ein seltener Zug. In der letzten Zeit war hauptsächlich 9.
Ba5 Gegenstand der theoretischen Diskussion.} (9. Ba5 f6 10. Qd8+ Kf7 $13) 9...
f6 $2 {Diese Entwicklungsweise ist zu langsam, außerdem unternimmt Schwarz
dabei nichts gegen das bald drohende c4-c5. Laut Theorie soll Schwarz zwischen
9...e5 und 9...b6 wählen.} (9... Qxg2 $2 10. Qd2 Bd7 11. O-O-O O-O-O 12. c5 $16
) (9... e5 10. Nf3 Bg4 11. O-O O-O-O 12. Bd3 Qf4 13. Bxe5 Qxe5 14. Nxe5 Bxd1
15. Raxd1 Nh6 16. Bc2 f6 17. Nf3 g6 $11 {Notkin,M-Sveshnikov,E/Cappelle la
Grande 1995}) (9... b6 10. Nf3 Bb7 11. O-O Rd8 12. Ne5 Ne7 13. Re1 Qh4 14. g3
Qf6 15. Ng4 Qf5 (15... Qg6 16. Ne5 Qf6 $11 {I.Sokolov}) 16. Qd4 O-O 17. Bd3 Qh5
18. Qf4 Rfe8 19. Rad1 Nf5 20. Be5 Qg6 21. Bb1 $36 {Sokolov,I-Vera,R/Portoroz
1987}) 10. Nf3 Bd7 (10... e5 11. O-O Bf5 (11... Be6 12. Bd3 Qg4 13. Re1 O-O-O
14. Re4 Qh5 15. c5 Bd5 16. Rh4 Qf7 17. Bxa6 bxa6 18. Rb4 $18 {Dyballa,M-Matlak,
M/Naleczow 1989}) 12. c5 Nb4 13. Rc1 (13. Qb3 $5) 13... Qd5 14. Qa4 Nd3 15.
Rcd1 e4 16. Nd4 Nh6 17. Rxd3 exd3 18. Bf3 $16 {Izoria,Z-Yagupov,I/Batumi 2002})
(10... Ne7 11. O-O c5 12. Qd2 Bd7 13. Rad1 Rd8 14. Ng5 $1 Qf5 15. Bxe7 Kxe7 16.
Qd6+ Ke8 17. Rd5 $18 {Jobava,B-Izoria,Z/Tbilisi 2002}) 11. O-O O-O-O $4 {
Der schwarze König findet auf dem Damenflügel keine Ruhe, das kleinere Übel
war 11...c5.} (11... c5 12. Ng5 $1 fxg5 13. Bh5+ Kd8 14. Bf3 Qd4 15. Bxb7 Rb8
16. Bxa6 Rb6 17. Qxd4 cxd4 18. Be5 Nf6 19. Bb5 Bxb5 20. cxb5 Rxb5 21. Bxd4 $14)
12. Bd3 {[%mdl 128]} Qg4 13. c5 $18 e5 {Es gibt bereits keine Rettung, der
direkte weiße Königsangriff entscheidet.} (13... Nh6 14. Bxa6 bxa6 15. Qb3 $18)
(13... Nc7 14. Qd2 Kb8 15. Qa5 Rc8 16. Rfe1 $18) 14. h3 Qe6 15. Qa4 Nc7 16. Bc4
Qf5 17. Qa5 Ne8 18. Bf7 1-0